000 02120nab a2200277 a 4500
005 20240830063825.0
008 991125c2018 sp fr p o 000 0 spa d
035 _aUPN01000227150
040 _aUPN
_bspa
_cUPN
_eaacr2
049 _aART-E
100 1 _aAlonso Ruiz, Rosa Ana
_6- rosa-ana.alonso@unirioja.es
100 1 _aPonce de León Elizondo, Ana
100 1 _aJiménez Eguizabal, Juan Alfredo
245 1 0 _aActitud de los padres hacia la posibilidad de emprendimiento de sus hijos. Factores vinculados
_h[recurso electrónico en línea]
506 0 _aAcceso abierto
520 3 _aEl emprendimiento en la sociedad actual goza de un papel relevante como generador de empleo, así como motor de crecimiento económico y de innovación. Aportes, todos ellos, que destacan el papel esencial de la educación para la formación de personas emprendedoras. El artículo tuvo como objetivo vincular factores como el sexo, el nivel de estudios y la situación profesional de los padres que tienen hijos en la etapa postobligatoria, con la actitud que presentan ante la situación de que su descendiente se decidiera a crear su propia empresa y las ayudas que le proporcionaría. Se utilizaron pruebas paramétricas T de Student y varianza de un factor (ANOVA) con una muestra de 791 progenitores. Los resultados presentan que son los padres con estudios primarios y en activo, que trabajan tanto por cuenta propia como ajena, los que más desean que sus hijos e hijas monten una empresa. Las conclusiones de este estudio apuntan a fortalecer la educación y la formación en el emprendimiento, especialmente en el ámbito familiar, para crear, educar, construir y producir futuros emprendedores
650 2 _95660
_aJóvenes
650 7 _aEducación secundaria
_2
_94281
650 4 _aFamilias
_944286
653 0 _aEmprendimiento
773 _gNo. 22 (2018), p. 97-110
_tContextos educativos : revista de educación
_x1695-5714
856 4 _uhttps://publicaciones.unirioja.es/ojs/index.php/contextos/article/view/3390/3068
856 4 _uhttp://doi.org/10.18172/con.3390
905 _aArticulo
942 _cART-E
999 _c199246
_d199246